| Tag |
First Indicator |
Second Indicator |
Subfields |
| LEADER |
00000cam a2200000 i 4500 |
| 001 |
in00000060058 |
| 008 |
850906t19561956nyu j 000 f eng |
| 005 |
20260311181856.9 |
| 010 |
|
|
|a 56009286
|
| 019 |
|
|
|a 4587099
|
| 020 |
|
|
|a 0684151634
|
| 020 |
|
|
|a 9780684151632
|
| 029 |
1 |
|
|a AU@
|b 000000636726
|
| 029 |
1 |
|
|a DEBBG
|b BV002994640
|
| 035 |
|
|
|z (OCoLC)4587099
|
| 035 |
|
|
|a (OCoLC)471210
|
| 040 |
|
|
|a DLC
|b eng
|e rda
|c DLC
|d BTCTA
|d OCLCG
|d SMU
|d CRU
|d DEBBG
|d OCLCO
|d OCLCF
|d P4I
|d OCLCQ
|d OCLCO
|d WB9GB
|d HWARD
|d OCLCO
|d OCL
|d HCO
|d EZC
|d OCLCO
|d GZM
|d UMK
|d YZR
|d OCL
|d OCLCO
|d OKS
|d OCLCO
|d OCLCL
|d UAU
|d OCLCO
|
| 042 |
|
|
|a pcc
|
| 050 |
|
4 |
|a PS3515.E288
|b T56 1956
|
| 082 |
|
|
|a [E]
|
| 084 |
|
|
|a HU 3846
|2 rvk
|
| 090 |
|
|
|a PZ7.H368
|b Ti
|
| 100 |
1 |
|
|a Heinlein, Robert A.
|q (Robert Anson),
|d 1907-1988,
|e author.
|
| 245 |
1 |
0 |
|a Time for the stars /
|c by Robert A. Heinlein.
|
| 264 |
|
1 |
|a New York :
|b Charles Scribner's Sons,
|c [1956]
|
| 264 |
|
4 |
|c ©1956
|
| 300 |
|
|
|a 244 pages ;
|c 21 cm
|
| 336 |
|
|
|a text
|b txt
|2 rdacontent
|
| 337 |
|
|
|a unmediated
|b n
|2 rdamedia
|
| 338 |
|
|
|a volume
|b nc
|2 rdacarrier
|
| 520 |
|
|
|a For a telepathic twin on an exploratory space voyage only a few years pass, yet, when he returns to Earth his brother is ready to celebrate his ninetieth birthday.
|
| 541 |
0 |
|
|a The Cushing Library/Science Fiction copy [A1485353843B] was donated by Vic Horadam.
|
| 650 |
|
0 |
|a Science fiction.
|
| 650 |
|
1 |
|a Science fiction.
|
| 650 |
|
7 |
|a Science fiction
|2 fast
|
| 655 |
|
0 |
|a Science fiction.
|
| 655 |
|
2 |
|a Fictional Work
|
| 655 |
|
7 |
|a Novels
|2 fast
|
| 655 |
|
7 |
|a Science fiction
|2 fast
|
| 655 |
|
7 |
|a Science fiction.
|2 gsafd
|
| 655 |
|
7 |
|a Novels.
|2 lcgft
|
| 655 |
|
7 |
|a Science fiction.
|2 lcgft
|
| 655 |
|
7 |
|a Romans.
|2 rvmgf
|
| 758 |
|
|
|i has work:
|a Time for the stars (Text)
|1 https://id.oclc.org/worldcat/entity/E39PCG4d4VjxPQCQPyVhQ3wHmd
|4 https://id.oclc.org/worldcat/ontology/hasWork
|
| 776 |
0 |
8 |
|i Online version:
|a Heinlein, Robert A. (Robert Anson), 1907-1988.
|t Time for the stars.
|d New York, Scribner [1956]
|w (OCoLC)647407000
|
| 938 |
|
|
|a Baker and Taylor
|b BTCP
|n 56009286
|
| 948 |
|
|
|h HELD BY TXA - 439 OTHER HOLDINGS
|
| 994 |
|
|
|a Z0
|b TXA
|
| 999 |
f |
f |
|s ca9182c5-ee84-39f4-95ff-d762514759ce
|i d7fbdcff-4056-3850-ac23-746e2d690d20
|t 0
|
| 952 |
f |
f |
|p noncirc
|a Texas A&M University
|b College Station
|c Cushing Memorial Library & Archives
|s cush scif
|d Cushing: Science Fiction (Does not check out)
|t 0
|e PZ7.H368 Ti
|h Library of Congress classification
|i unmediated -- volume
|m A14800456397
|
| 998 |
f |
f |
|a PZ7.H368 Ti
|t 0
|l Cushing: Science Fiction (Does not check out)
|